factors causing a hurricane - Statistics

General Stats
  • This quiz has been taken 4 times
  • The average score is 2 of 12
Answer Stats
Hint Answer % Correct
main killer and result of ^ storm surge
75%
time of year after summer
50%
Outcomes of a hurricane low pressure
25%
How large are they up to 250 miles across
25%
where it happens 5-15 degrees north/south
0%
depth of water 60-70m
0%
Wind speeds they reach Anywhere from 75-200+
0%
temperature of water atleast 27C
0%
why it spins Coriolis effect of the spin of the earth
0%
Example Hurricane Katrina 2008
0%
secondary fuel The warm air rising as when it cools and condenses.
0%
main fuel warm water
0%
No matching quizzes found
Score Distribution
Percent of People with Each Score
Percentile by Number Answered
Your Score History
You have not taken this quiz